[Event "FRA-ch blitz"]
[Site "Le Blanc Mesnil"]
[Date "2019.06.01"]
[Round "4"]
[White "Munoz Pantoja, Miguel Angel"]
[Black "Kostopoulos, Evaggelos"]
[Result "1-0"]
[WhiteElo "2513"]
[BlackElo "2011"]
[PlyCount "53"]
[EventDate "2019.06.01"]
[EventType "swiss (blitz)"]
[EventRounds "23"]
[EventCountry "FRA"]
[SourceTitle "CBM 190 Extra"]
[Source "ChessBase"]
[SourceDate "2019.07.15"]
[SourceVersion "1"]
[SourceVersionDate "2019.07.15"]
[SourceQuality "1"]

1. e4 d6 2. g3 h5 3. h3 c5 4. Bg2 Nc6 5. Ne2 Nf6 6. c3 e6 7. d4 Be7 8. 0-0 0-0 9. Be3 Qc7 10. f4 b6 11. c4 cxd4 12. Nxd4 Nxd4 13. Qxd4 Bb7 14. Nc3 Rac8 15. b3 Nd7 16. Nb5 Qb8 17. Rad1 e5 18. fxe5 Nxe5 19. Nxd6 Rfd8 20. Qxe5 Bxd6 21. Qxh5 g6 22. Qf3 f5 23. Qe2 Bxe4 24. Bxe4 fxe4 25. Qg4 Kg7 26. Qh4 Rh8 27. Qf6+ 1-0

[Event "Anogia op 3rd"]
[Site "Anogia"]
[Date "2014.08.02"]
[Round "5"]
[White "Kostopoulos, Evaggelos"]
[Black "Goumas, Georgios"]
[Result "1/2-1/2"]
[WhiteElo "2135"]
[BlackElo "2371"]
[PlyCount "24"]
[EventDate "2014.07.30"]
[EventType "swiss"]
[EventRounds "9"]
[EventCountry "GRE"]
[SourceTitle "CBM 161 Extra"]
[Source "ChessBase"]
[SourceDate "2014.08.29"]
[SourceVersion "1"]
[SourceVersionDate "2014.08.29"]
[SourceQuality "1"]

1. d4 Nf6 2. c4 e6 3. Nf3 d5 4. Nc3 Be7 5. Bf4 0-0 6. e3 b6 7. Rc1 c5 8. cxd5 exd5 9. Bd3 Nc6 10. Ne5 Bb7 11. 0-0 a6 12. dxc5 bxc5 1/2-1/2

[Event "Anogia op 3rd"]
[Site "Anogia"]
[Date "2014.07.31"]
[Round "3"]
[White "Kostopoulos, Evaggelos"]
[Black "Tolias, Fotis"]
[Result "1-0"]
[WhiteElo "2135"]
[BlackElo "1833"]
[PlyCount "55"]
[EventDate "2014.07.30"]
[EventType "swiss"]
[EventRounds "9"]
[EventCountry "GRE"]
[SourceTitle "CBM 161 Extra"]
[Source "ChessBase"]
[SourceDate "2014.08.29"]
[SourceVersion "1"]
[SourceVersionDate "2014.08.29"]
[SourceQuality "1"]

1. e4 c5 2. Nf3 d6 3. d4 cxd4 4. Nxd4 Nf6 5. Nc3 g6 6. Be3 Bg7 7. f3 Nc6 8. Qd2 0-0 9. Bc4 Bd7 10. 0-0-0 Qa5 11. Kb1 Rfc8 12. Bb3 Ne5 13. h4 Nc4 14. Bxc4 Rxc4 15. Nb3 Qc7 16. g4 Rc8 17. e5 Nxg4 18. exd6 exd6 19. fxg4 Bxg4 20. Rde1 Bxc3 21. bxc3 Rxc3 22. Bd4 Rxc2 23. Qh6 f5 24. h5 Qf7 25. Re6 Bxh5 26. Rxh5 R2c7 27. Rxg6+ Qxg6 28. Rg5 1-0

[Event "Petroupoli op"]
[Site "Petroupoli"]
[Date "2013.10.02"]
[Round "2"]
[White "Pavlis, Antonios"]
[Black "Kostopoulos, Evaggelos"]
[Result "1/2-1/2"]
[WhiteElo "1740"]
[BlackElo "2121"]
[PlyCount "55"]
[EventDate "2013.09.25"]
[EventType "swiss"]
[EventRounds "7"]
[EventCountry "GRE"]
[SourceTitle "EXT 2014"]
[Source "ChessBase"]
[SourceDate "2013.11.20"]
[SourceVersion "1"]
[SourceVersionDate "2013.11.20"]
[SourceQuality "1"]

1. d4 d6 2. Nf3 Bg4 3. Bf4 Nf6 4. Nbd2 d5 5. e3 e6 6. c4 c6 7. Qb3 Qc8 8. Ne5 Bf5 9. Be2 Be7 10. 0-0 0-0 11. Rfc1 Nbd7 12. Bg5 h6 13. Bh4 Re8 14. cxd5 exd5 15. Bd3 Bxd3 16. Qxd3 Nxe5 17. dxe5 Nd7 18. Bxe7 Rxe7 19. f4 f6 20. e4 dxe4 21. Nxe4 fxe5 22. Nd6 Qc7 23. Re1 Rf8 24. Nf5 Ref7 25. Qc4 b5 26. Ne7+ Kh8 27. Ng6+ Kg8 28. Ne7+ 1/2-1/2

[Event "Kavala op 22nd"]
[Site "Kavala"]
[Date "2013.08.06"]
[Round "1"]
[White "Nevednichy, Vladislav"]
[Black "Kostopoulos, Evaggelos"]
[Result "1-0"]
[WhiteElo "2573"]
[BlackElo "2139"]
[PlyCount "183"]
[EventDate "2013.08.06"]
[EventType "swiss"]
[EventRounds "9"]
[EventCountry "GRE"]
[SourceTitle "CBM 155 Extra"]
[Source "ChessBase"]
[SourceDate "2013.08.26"]
[SourceVersion "1"]
[SourceVersionDate "2013.08.26"]
[SourceQuality "1"]

1. c4 c6 2. e4 d5 3. exd5 cxd5 4. cxd5 Nf6 5. Nc3 Nxd5 6. Nf3 Nf6 7. d4 g6 8. Bb5+ Nbd7 9. 0-0 Bg7 10. a4 0-0 11. Re1 a6 12. Bf1 Nb6 13. Qb3 Qd6 14. a5 Nbd5 15. Na4 Be6 16. Nc5 Nc7 17. Nxe6 Nxe6 18. Bc4 Nc7 19. Bg5 Nfd5 20. Bh4 e6 21. Bg3 Qd7 22. Be5 Nb5 23. Red1 Rfd8 24. h4 Rac8 25. Bd3 Na7 26. h5 Nc6 27. hxg6 hxg6 28. Bg3 Qe7 29. Ra4 Bf6 30. Be4 Ndb4 31. Bf4 Rd7 32. Rc1 Rcd8 33. Bd2 Nd5 34. g3 Kg7 35. Kg2 Rh8 36. Bd3 Qd6 37. Be4 Qe7 38. Qc4 Qd6 39. Raa1 Rdd8 40. Rh1 Rxh1 41. Rxh1 Rh8 42. Rxh8 Kxh8 43. Qc1 Qe7 44. Qc4 Qd6 45. b3 Kg7 46. Kf1 Bd8 47. Qa4 Be7 48. Kg2 f5 49. Bd3 Ndb4 50. Bc4 Nc2 51. Bf4 Qb4 52. Bxe6 Qxa4 53. bxa4 N2xd4 54. Nxd4 Nxd4 55. Bc8 Nb3 56. Bxb7 Nc5 57. Bc6 Kf6 58. Bc7 Ke6 59. Kf3 g5 60. Ke3 Bf6 61. Bb6 Kd6 62. Be8 Be5 63. Ba7 Bc3 64. Bg6 Nxa4 65. Bxf5 Bxa5 66. Kf3 Ke5 67. Bd3 Bb6 68. Bb8+ Kf6 69. Bxa6 Nc5 70. Bb5 Ne6 71. Bc4 Nd4+ 72. Kg2 Nc6 73. Bd6 Bd4 74. f3 Ne5 75. Be2 Bc3 76. Bc5 Bb2 77. Bb6 Bc3 78. Kf2 Bb2 79. Bb5 Bc3 80. Ke3 Be1 81. g4 Bc3 82. Bd8+ Kg6 83. Ke4 Bb2 84. Be8+ Kh6 85. Bf6 Nc4 86. Be7 Bc1 87. Bf8+ Kh7 88. Kf5 Bf4 89. Bc6 Nd6+ 90. Kf6 Kh8 91. Kg6 Kg8 92. Bg7 1-0

[Event "Athens Smaok op 19th"]
[Site "Athens"]
[Date "2013.02.05"]
[Round "5"]
[White "Lappas, Konstantinos"]
[Black "Kostopoulos, Evaggelos"]
[Result "1/2-1/2"]
[WhiteElo "2023"]
[BlackElo "2144"]
[PlyCount "117"]
[EventDate "2013.01.08"]
[EventType "swiss"]
[EventRounds "7"]
[EventCountry "GRE"]
[SourceTitle "EXT 2014"]
[Source "ChessBase"]
[SourceDate "2013.11.20"]
[SourceVersion "1"]
[SourceVersionDate "2013.11.20"]
[SourceQuality "1"]

1. e4 g6 2. d4 Bg7 3. Nc3 d6 4. Be3 a6 5. h4 h5 6. Qd2 b5 7. f3 Nd7 8. Nh3 c5 9. Ng5 e6 10. dxc5 dxc5 11. Bxb5 axb5 12. Nxb5 Bf8 13. Bf4 e5 14. Qd5 Nh6 15. Ne6 fxe6 16. Qxe6+ Qe7 17. Nd6+ Kd8 18. Bg5 Nf6 19. Qxf6 Qxf6 20. Bxf6+ Be7 21. Bxh8 Bxd6 22. Bf6+ Kc7 23. Bg5 Nf7 24. Be3 Be6 25. b3 Nd8 26. Ke2 Nc6 27. c3 c4 28. b4 Ra3 29. Rhc1 Nd8 30. Rc2 Kc6 31. Bc1 Ra4 32. Be3 Nf7 33. Rg1 Be7 34. g3 Ra3 35. Bf2 Ra8 36. Rd1 Ra3 37. Kd2 Bf8 38. Be3 Be7 39. Re1 Ra8 40. Kc1 Kb5 41. Kb2 Rf8 42. Rf2 Ra8 43. Rh1 Rd8 44. Rd2 Rd3 45. Rxd3 cxd3 46. a4+ Kxa4 47. Ra1+ Kb5 48. Ra5+ Kc6 49. Ra6+ Kd7 50. Ra7+ Ke8 51. Kc1 Bc4 52. Ra8+ Kd7 53. Rg8 Ng5 54. Rxg6 Nxf3 55. Rh6 Bf7 56. Ra6 Bc4 57. Rh6 Bf7 58. Ra6 Bc4 59. Rh6 1/2-1/2

[Event "GRE-chT 40th"]
[Site "Achaia"]
[Date "2012.07.03"]
[Round "5.7"]
[White "Kanakaris, Georgios"]
[Black "Kostopoulos, Evaggelos"]
[Result "1-0"]
[WhiteElo "2276"]
[BlackElo "2137"]
[PlyCount "103"]
[EventDate "2012.06.30"]
[EventType "team-swiss"]
[EventRounds "7"]
[EventCountry "GRE"]
[SourceTitle "CBM 149 Extra"]
[Source "ChessBase"]
[SourceDate "2012.08.24"]
[SourceVersion "1"]
[SourceVersionDate "2012.08.24"]
[SourceQuality "1"]
[WhiteTeam "Panionios"]
[BlackTeam "Spring Chess"]
[WhiteTeamCountry "GRE"]
[BlackTeamCountry "GRE"]

1. d4 d5 2. Nf3 Nf6 3. Bf4 c5 4. e3 e6 5. c3 Bd6 6. Bg3 0-0 7. Nbd2 b6 8. Bd3 Bb7 9. Qe2 Nc6 10. Ne5 Ne7 11. 0-0 Ne4 12. Nxe4 dxe4 13. Ba6 Qc8 14. Bxb7 Qxb7 15. dxc5 Bxc5 16. Rfd1 Nd5 17. c4 Nf6 18. Bh4 Rad8 19. Bxf6 gxf6 20. Qg4+ Kh8 21. Rxd8 Rxd8 22. Qh5 Kg7 23. Ng4 Be7 24. Qh6+ Kg8 25. Nxf6+ Bxf6 26. Qxf6 Rd2 27. h4 Qd7 28. Qg5+ Kf8 29. Qe5 Kg8 30. Qxe4 Rxb2 31. h5 Rd2 32. Qg4+ Kf8 33. h6 f5 34. Qg5 Qe7 35. Qg3 Qf6 36. Rb1 f4 37. exf4 Qxh6 38. f5 exf5 39. Qb8+ Kf7 40. Qxa7+ Kg8 41. Qb8+ Kf7 42. Qc7+ Kf8 43. Qc8+ Kg7 44. Qxf5 Qd6 45. Re1 Rxa2 46. Qg5+ Kf8 47. Qh5 Ra7 48. Re8+ Kg7 49. Qg5+ Kf7 50. Qg8+ Kf6 51. Rf8+ Ke5 52. Qg3+ 1-0

[Event "Athens Smaok op 12th"]
[Site "Athens"]
[Date "2011.10.18"]
[Round "6"]
[White "Kostopoulos, Evaggelos"]
[Black "Konistis, Loukas"]
[Result "1-0"]
[WhiteElo "2207"]
[BlackElo "2064"]
[PlyCount "81"]
[EventDate "2011.09.13"]
[EventType "swiss"]
[EventRounds "7"]
[EventCountry "GRE"]
[SourceTitle "EXT 2024"]
[Source "ChessBase"]
[SourceDate "2023.10.10"]
[SourceVersion "1"]
[SourceVersionDate "2023.10.10"]
[SourceQuality "1"]

1. d4 c5 2. d5 Nf6 3. c4 e6 4. Nc3 exd5 5. cxd5 d6 6. e4 g6 7. Bd3 Bg7 8. Nge2 0-0 9. 0-0 Re8 10. f3 Na6 11. Be3 Bd7 12. Qd2 Rb8 13. a3 Qc7 14. b4 b5 15. Rab1 cxb4 16. axb4 Qb7 17. Nd4 Nc7 18. Nb3 Re7 19. Na5 Qa8 20. Rbc1 a6 21. Bb1 Rf8 22. Ba2 Nfe8 23. Ne2 f5 24. Nc6 Bxc6 25. dxc6+ Kh8 26. exf5 Rxf5 27. Ng3 Rf8 28. Ne4 d5 29. Bxd5 Nxd5 30. Qxd5 Nf6 31. Qc5 Rc7 32. Bf4 Nxe4 33. fxe4 Qa7 34. Qxa7 Rxa7 35. g3 Re7 36. Bd6 Bd4+ 37. Kg2 Rxf1 38. Kxf1 Re8 39. c7 Rc8 40. Rc6 Kg7 41. Rxa6 1-0

[Event "Kavala op 20th"]
[Site "Kavala"]
[Date "2011.07.31"]
[Round "2"]
[White "Socko, Monika"]
[Black "Kostopoulos, Evaggelos"]
[Result "1-0"]
[WhiteElo "2490"]
[BlackElo "2262"]
[PlyCount "73"]
[EventDate "2011.07.30"]
[EventType "swiss"]
[EventRounds "9"]
[EventCountry "GRE"]
[SourceTitle "CBM 143 Extra"]
[Source "ChessBase"]
[SourceDate "2011.08.29"]
[SourceVersion "1"]
[SourceVersionDate "2011.08.29"]
[SourceQuality "1"]

1. e4 c5 2. Nf3 d6 3. d4 cxd4 4. Nxd4 Nf6 5. Nc3 a6 6. Be3 e5 7. Nb3 Be6 8. Qd2 Nbd7 9. 0-0-0 b5 10. f4 Rc8 11. f5 Bc4 12. Kb1 Qc7 13. Bd3 b4 14. Nd5 Nxd5 15. exd5 Bxd5 16. Bxa6 Bb7 17. Bxb7 Qxb7 18. g4 Be7 19. g5 Qe4 20. Rhf1 0-0 21. f6 Bd8 22. Rfe1 Qc6 23. Qxd6 Nb6 24. Qxc6 Rxc6 25. Bc5 Re8 26. Rxe5 Rce6 27. Rxe6 fxe6 28. Rxd8 Rxd8 29. Bxb6 Rd1+ 30. Nc1 gxf6 31. gxf6 Kf7 32. Bc5 Kxf6 33. Bxb4 e5 34. a4 Rd4 35. Nd3 Kf5 36. Bc3 Rxa4 37. Bxe5 1-0

[Event "Paleochora op 4th"]
[Site "Paleochora"]
[Date "2011.07.24"]
[Round "6"]
[White "Skembris, Spyridon"]
[Black "Kostopoulos, Evaggelos"]
[Result "1-0"]
[WhiteElo "2475"]
[BlackElo "2262"]
[PlyCount "53"]
[EventDate "2011.07.20"]
[EventType "swiss"]
[EventRounds "9"]
[EventCountry "GRE"]
[SourceTitle "CBM 143 Extra"]
[Source "ChessBase"]
[SourceDate "2011.08.29"]
[SourceVersion "1"]
[SourceVersionDate "2011.08.29"]
[SourceQuality "1"]

1. c4 e6 2. Nc3 d5 3. e3 Nf6 4. Nf3 c6 5. d4 Nbd7 6. Qc2 Bd6 7. Bd3 0-0 8. 0-0 dxc4 9. Bxc4 b5 10. Be2 Bb7 11. b3 a6 12. Ne4 Nxe4 13. Qxe4 Nf6 14. Qh4 c5 15. dxc5 Bxc5 16. Bb2 Qe7 17. a4 Bd5 18. axb5 axb5 19. Rxa8 Rxa8 20. Bxb5 Bxb3 21. Bd3 h6 22. Rc1 Ba3 23. Bxf6 Qxf6 24. Qe4 Bd5 25. Qh7+ Kf8 26. Rc7 g5 27. Ne5 1-0

[Event "Thessaloniki Triandria op 4th"]
[Site "Thessaloniki"]
[Date "2011.04.29"]
[Round "7"]
[White "Minas, Ioannis"]
[Black "Kostopoulos, Evaggelos"]
[Result "0-1"]
[WhiteElo "1929"]
[BlackElo "2246"]
[PlyCount "134"]
[EventDate "2011.04.25"]
[EventType "swiss"]
[EventRounds "9"]
[EventCountry "GRE"]
[SourceTitle "CBM 142 Extra"]
[Source "ChessBase"]
[SourceDate "2011.06.27"]
[SourceVersion "1"]
[SourceVersionDate "2011.06.27"]
[SourceQuality "1"]

1. e4 e6 2. d4 d5 3. Nd2 dxe4 4. Nxe4 Nd7 5. Nf3 Be7 6. Be2 b6 7. 0-0 Bb7 8. Ng3 Ngf6 9. Re1 0-0 10. Bg5 c5 11. dxc5 Nxc5 12. Qxd8 Rfxd8 13. Nh5 Be4 14. b4 Na4 15. Bb5 Nc3 16. Ba6 Bg6 17. Nf4 Bxb4 18. Nxg6 hxg6 19. Ne5 Ncd5 20. Red1 Bc3 21. Nc6 Bxa1 22. Nxd8 Rxd8 23. Rxa1 Nb4 24. Bf1 Nxc2 25. Rc1 Nb4 26. Rc7 Rd7 27. Rc8+ Kh7 28. a3 Nbd5 29. f3 Rc7 30. Rf8 Nc3 31. Bf4 Rd7 32. Ba6 Rd4 33. Be5 Rd1+ 34. Kf2 Nd7 35. Rc8 Nxe5 36. Rxc3 g5 37. Ke2 Rd7 38. Bb5 Re7 39. g3 f5 40. Re3 Nf7 41. Bd3 g6 42. f4 gxf4 43. gxf4 Kg7 44. Bc4 Kf6 45. h4 Nd6 46. Bb3 Ne4 47. Bc2 Nc5 48. Kd2 Rd7+ 49. Kc3 Rh7 50. Rh3 Ke7 51. Kd4 Kd6 52. a4 Nd7 53. Bd1 Nf6 54. Bf3 Rc7 55. Rg3 Nh5 56. Bxh5 gxh5 57. Rg5 Rc1 58. Rxh5 Ra1 59. Rh8 Rxa4+ 60. Ke3 e5 61. h5 exf4+ 62. Kf3 Ke5 63. Rf8 Ra3+ 64. Kg2 f3+ 65. Kf2 Kf4 66. h6 Ra2+ 67. Kf1 Rh2 0-1

[Event "Athens op"]
[Site "Athens"]
[Date "2010.10.26"]
[Round "6"]
[White "Kostopoulos, Evaggelos"]
[Black "Kotrotsos, Vasilios"]
[Result "1/2-1/2"]
[WhiteElo "2197"]
[BlackElo "2355"]
[PlyCount "68"]
[EventDate "2010.09.21"]
[EventType "swiss"]
[EventRounds "7"]
[EventCountry "GRE"]
[SourceTitle "EXT 2012"]
[Source "ChessBase"]
[SourceDate "2011.11.24"]
[SourceVersion "1"]
[SourceVersionDate "2011.11.24"]
[SourceQuality "1"]

1. e4 c5 2. Nf3 d6 3. d4 cxd4 4. Nxd4 Nf6 5. Nc3 a6 6. Be3 Ng4 7. Bc1 Nf6 8. Be3 Ng4 9. Bc1 Nc6 10. Be2 Qb6 11. Bxg4 Qxd4 12. Be3 Qxd1+ 13. Bxd1 g6 14. Nd5 Rb8 15. Bb6 Be6 16. Nc7+ Kd7 17. Nxe6 fxe6 18. c3 Bg7 19. f4 Rbf8 20. 0-0 Bh6 21. g3 g5 22. f5 exf5 23. exf5 Bg7 24. Bb3 Ne5 25. Rad1 Kc6 26. Be3 Bf6 27. h3 h5 28. a4 Kc7 29. Bd5 Nc6 30. Kg2 b5 31. Ra1 Rb8 32. Rfc1 a5 33. Rc2 bxa4 34. Rxa4 Rb5 1/2-1/2

[Event "Athens op"]
[Site "Athens"]
[Date "2010.10.19"]
[Round "5"]
[White "Kostopoulos, Evaggelos"]
[Black "Anastasopoulos, Spyros"]
[Result "1-0"]
[WhiteElo "2197"]
[BlackElo "2142"]
[PlyCount "117"]
[EventDate "2010.09.21"]
[EventType "swiss"]
[EventRounds "7"]
[EventCountry "GRE"]
[SourceTitle "EXT 2012"]
[Source "ChessBase"]
[SourceDate "2011.11.24"]
[SourceVersion "1"]
[SourceVersionDate "2011.11.24"]
[SourceQuality "1"]

1. e4 c5 2. Nf3 e6 3. d4 cxd4 4. Nxd4 Nc6 5. Nc3 d6 6. Be2 Nf6 7. 0-0 Be7 8. Be3 0-0 9. f4 a6 10. Qe1 Qc7 11. Qg3 Bd7 12. Kh1 b5 13. a3 Rac8 14. Rae1 Qb8 15. Rf3 Nxd4 16. Bxd4 e5 17. fxe5 Nh5 18. Qf2 dxe5 19. Nd5 Bd8 20. Bc5 Rxc5 21. Qxc5 Be6 22. g3 Bxd5 23. Qxd5 Nf6 24. Qc6 Bb6 25. Rxf6 gxf6 26. Qxf6 Qd8 27. Qxd8 Rxd8 28. Bd3 Bd4 29. Rb1 Kf8 30. Kg2 Ke7 31. Be2 Bc5 32. b4 Rd2 33. Kf3 Bd4 34. c4 bxc4 35. Bxc4 Rc2 36. Bxa6 Rc3+ 37. Kg4 Rxa3 38. Bc4 Rc3 39. Bb3 Rc6 40. Bd5 Rg6+ 41. Kh3 Rh6+ 42. Kg2 Rf6 43. h4 Rf2+ 44. Kh3 h5 45. b5 Bb6 46. Ra1 Rb2 47. Bc6 Rb3 48. Rf1 Rb2 49. Rf5 f6 50. Rxh5 Bg1 51. Rh7+ Ke6 52. h5 Rh2+ 53. Kg4 Be3 54. Bd7+ Kd6 55. Kf5 Bg5 56. Kg6 Rc2 57. Bc6 Ke6 58. Bd5+ Kd6 59. b6 1-0

[Event "Nikaia op 17th"]
[Site "Nikaia"]
[Date "2009.08.28"]
[Round "8"]
[White "Kostopoulos, Evaggelos"]
[Black "Grigoriadis, Alexandros"]
[Result "0-1"]
[WhiteElo "2177"]
[BlackElo "2338"]
[PlyCount "62"]
[EventDate "2009.08.22"]
[EventType "swiss"]
[EventRounds "9"]
[EventCountry "GRE"]
[SourceTitle "CBM 132 Extra"]
[Source "ChessBase"]
[SourceDate "2009.11.03"]
[SourceVersion "1"]
[SourceVersionDate "2009.11.03"]
[SourceQuality "1"]

1. e4 c5 2. Nf3 e6 3. d4 cxd4 4. Nxd4 Nf6 5. Nc3 d6 6. g4 Nc6 7. g5 Nd7 8. Be3 a6 9. Qd2 Qc7 10. 0-0-0 b5 11. Kb1 Bb7 12. f3 Rc8 13. h4 Na5 14. h5 Ne5 15. Qg2 b4 16. Na4 Nec4 17. Bc1 e5 18. Nf5 Bc6 19. b3 Bxa4 20. Bxc4 Nxc4 21. bxc4 Qxc4 22. Ne3 Qc7 23. Rd2 Bc6 24. Ng4 Be7 25. Rf2 Bd7 26. g6 Be6 27. h6 fxg6 28. hxg7 Rg8 29. Rxh7 Qc4 30. c3 bxc3 31. Nh6 Rb8+ 0-1

[Event "Nikaia op 17th"]
[Site "Nikaia"]
[Date "2009.08.26"]
[Round "6"]
[White "Kostopoulos, Evaggelos"]
[Black "Ponirakis, Dimitrios"]
[Result "1/2-1/2"]
[WhiteElo "2177"]
[BlackElo "2032"]
[PlyCount "44"]
[EventDate "2009.08.22"]
[EventType "swiss"]
[EventRounds "9"]
[EventCountry "GRE"]
[SourceTitle "CBM 132 Extra"]
[Source "ChessBase"]
[SourceDate "2009.11.03"]
[SourceVersion "1"]
[SourceVersionDate "2009.11.03"]
[SourceQuality "1"]

1. d4 d5 2. c4 e6 3. Nc3 c6 4. e3 Nf6 5. Nf3 Nbd7 6. Bd3 Bd6 7. 0-0 0-0 8. e4 dxc4 9. Bxc4 e5 10. Bg5 Qe7 11. d5 Nb6 12. Bb3 Bg4 13. dxc6 bxc6 14. h3 Bh5 15. Qe2 h6 16. Bd2 Rfd8 17. Rfd1 Nbd7 18. Na4 Bg6 19. Bc2 Nd5 20. Bxh6 Nf4 21. Bxf4 exf4 22. Rac1 Bh5 1/2-1/2

[Event "Nikaia op 17th"]
[Site "Nikaia"]
[Date "2009.08.25"]
[Round "5"]
[White "Papadimitriou, Ioannis"]
[Black "Kostopoulos, Evaggelos"]
[Result "0-1"]
[WhiteElo "1850"]
[BlackElo "2177"]
[PlyCount "102"]
[EventDate "2009.08.22"]
[EventType "swiss"]
[EventRounds "9"]
[EventCountry "GRE"]
[SourceTitle "CBM 132 Extra"]
[Source "ChessBase"]
[SourceDate "2009.11.03"]
[SourceVersion "1"]
[SourceVersionDate "2009.11.03"]
[SourceQuality "1"]

1. e4 c5 2. Nf3 d6 3. d4 cxd4 4. Qxd4 a6 5. Be3 Nc6 6. Qb6 Qxb6 7. Bxb6 g6 8. c3 Bg7 9. Nbd2 Nf6 10. Bc4 e6 11. 0-0 Nd7 12. Bc7 b5 13. Bb3 Ke7 14. e5 Ndxe5 15. Nxe5 Nxe5 16. Ne4 d5 17. Bd6+ Kd7 18. Rad1 Kc6 19. Bxe5 Bxe5 20. Ng5 Ra7 21. f4 Bd6 22. Nf3 Re8 23. Nd4+ Kb6 24. g3 Rc7 25. Kg2 Bb7 26. Kh3 Rce7 27. a4 f6 28. axb5 axb5 29. Bc2 Bc8 30. Kg2 e5 31. fxe5 fxe5 32. Nb3 Bb7 33. Be4 dxe4 34. Rxd6+ Kc7 35. Rdf6 e3+ 36. Kg1 Ra8 37. Nc5 Ra2 38. Nxb7 Kxb7 39. Re1 Rxb2 40. Rxe3 Rc2 41. h4 e4 42. g4 Rd7 43. Rf2 Rd3 44. Rxe4 Rg3+ 45. Kf1 Rxf2+ 46. Kxf2 Rxc3 47. Ke2 Kb6 48. Kd2 Rh3 49. g5 Ka5 50. Kc2 b4 51. Kb2 Ka4 0-1

[Event "Athens Filadelfia CC Spring op"]
[Site "Athens"]
[Date "2009.04.14"]
[Round "2.4"]
[White "Dounis, Alexandros"]
[Black "Kostopoulos, Evaggelos"]
[Result "1-0"]
[WhiteElo "2165"]
[BlackElo "2196"]
[PlyCount "75"]
[EventDate "2009.04.07"]
[EventType "swiss"]
[EventRounds "10"]
[EventCountry "GRE"]
[SourceTitle "EXT 2024"]
[Source "ChessBase"]
[SourceDate "2023.10.10"]
[SourceVersion "1"]
[SourceVersionDate "2023.10.10"]
[SourceQuality "1"]

1. Nf3 d6 2. d4 Bg4 3. g3 Bxf3 4. exf3 Nf6 5. Bg2 g6 6. f4 c6 7. c4 Bg7 8. Nc3 Nbd7 9. 0-0 0-0 10. Re1 Re8 11. d5 cxd5 12. cxd5 Rc8 13. Be3 a6 14. Bh3 Rc4 15. Qb3 b5 16. Bf1 Nc5 17. Qc2 Rxc3 18. bxc3 Nxd5 19. Bxc5 dxc5 20. Rad1 e6 21. Bg2 c4 22. Bxd5 exd5 23. Rxe8+ Qxe8 24. Rxd5 Qe1+ 25. Kg2 h5 26. f5 Qxc3 27. Qxc3 Bxc3 28. fxg6 Bb2 29. Rd7 c3 30. gxf7+ Kf8 31. Rc7 b4 32. Kf3 a5 33. Ke4 a4 34. Kf5 Kg7 35. Ke5 b3 36. axb3 axb3 37. Rc8 Ba3 38. Rxc3 1-0